| 000 | 00536nam a2200205Ia 4500 | ||
|---|---|---|---|
| 003 | OSt | ||
| 005 | 20250411095553.0 | ||
| 008 | 220927b |||||||| |||| 00| 0 eng d | ||
| 020 | _a8186782680 | ||
| 037 | _cTextual | ||
| 040 |
_aSDCL _cSDCL _bhin |
||
| 041 |
_2hin _ahin |
||
| 084 | _aV2,1:74'M P0.1 | ||
| 100 | _aReu, Vishveshvarnath | ||
| 245 | 0 | _aBharat ke prachin rajvansh (Volume 1) | |
| 260 |
_aJaipur : _bPublications Scheem, _c2000. |
||
| 300 | _axiii,368p. | ||
| 942 |
_cTEXL _2CC _n0 |
||
| 999 |
_c798304 _d798304 |
||